Filosofía concreta / (Record no. 97459)
[ view plain ]
| 000 -LEADER | |
|---|---|
| campo de control de longitud fija | 00619nam a2200193 i 4500 |
| 001 - NÚMERO DE CONTROL | |
| campo de control | 97459 |
| 003 - IDENTIFICADOR DE NÚMERO DE CONTROL | |
| campo de control | ES-MaACL |
| 005 - FECHA Y HORA DE LA ÚLTIMA TRANSACCIÓN | |
| campo de control | 20250804012822.0 |
| 007 - CAMPO FIJO DE DESCRIPCIÓN FÍSICA--INFORMACIÓN GENERAL | |
| campo de control de longitud fija | t| |
| 008 - DATOS DE LONGITUD FIJA--INFORMACIÓN GENERAL | |
| campo de control de longitud fija | 050712s1959 sp ||||1| spa d |
| 100 1# - ENTRADA PRINCIPAL--NOMBRE DE PERSONA | |
| Nombre de persona | Marcel, Gabriel, |
| Fechas asociadas al nombre | 1889-1973 |
| 9 (RLIN) | 156691 |
| 245 10 - MENCIÓN DEL TÍTULO | |
| Título | Filosofía concreta / |
| Mención de responsabilidad, etc. | Gabriel Marcel ; traducción del fránces por Alberto Gil Novales. |
| 260 ## - PUBLICACIÓN, DISTRIBUCIÓN, ETC. | |
| Lugar de publicación, distribución, etc. | Madrid : |
| Nombre del editor, distribuidor, etc. | Revista de Occidente, |
| Fecha de publicación, distribución, etc. | 1959. |
| 300 ## - DESCRIPCIÓN FÍSICA | |
| Extensión | 283 p. ; |
| Dimensiones | 22 cm. |
| 650 #7 - PUNTO DE ACCESO ADICIONAL DE MATERIA--TÉRMINO DE MATERIA | |
| Término de materia o nombre geográfico como elemento de entrada | Metafísica |
| Fuente del encabezamiento o término | embne |
| 9 (RLIN) | 15012 |
| 700 0# - ENTRADA AGREGADA--NOMBRE PERSONAL | |
| Nombre de persona | Gil Novales, Alberto, |
| Fechas asociadas al nombre | 1930-2016 |
| 9 (RLIN) | 56851 |
| 852 ## - LOCALIZACIÓN | |
| Ubicación | ES-MaACL |
| Número de control de estantería | C-16549 |
| Estatus retirado | Estado de pérdida | Estado de daño | No para préstamo | Biblioteca de origen | Biblioteca actual | Ubicación en estantería | Fecha de adquisición | Fuente de adquisición | Total de préstamos | Signatura topográfica completa | Código de barras | Visto por última vez | Precio de reemplazo | Tipo de ítem Koha |
|---|---|---|---|---|---|---|---|---|---|---|---|---|---|---|
| Biblioteca del Ateneo de Madrid | Biblioteca del Ateneo de Madrid | Galería | 17/01/2008 | C-16549 | 1101742 | 23/02/2023 | 23/02/2023 | Libro impreso |
